000 01699nam0a2200361 i 4500
001 RU\NLR\BIBL_A\010876292
005 20240921145425.0
010 _a9785893494136
_bФлинта
010 _a978-5-02-002922-4
_bНаука
_9200
021 _aRU
_b2015-73414
_94414
035 _a(NILC)RuMoRGB-008025875
035 _a(NLR Aleph) 010876292
090 _a10482299
_c10482299
100 _a20151026d2016 k y0rusy50 ca
101 0 _arus
102 _aRU
105 _aa|||z|||000yy
200 1 _aГоворим по-русски без переводчика
_eинтенсивный курс по развитию навыков устной речи
_eучебное пособие для студентов высших учебных заведений, обучающихся по специальности 032900 - Русский язык и литература
_f[Л. С. Крючкова и др.]
205 _a10-е изд.
210 _aМосква
_cФлинта
_cНаука
_d2016
_d[т.е. 2015]
215 _a174, [1] с.
_cил.
_d21
225 1 _aРусский язык как иностранный
300 _aФактическая дата выхода в свет - 2015
606 1 _aРусский язык
_jУчебные издания для высших учебных заведений
_xРазговорная речь
_91553744
_3RU\NLR\auth\66979582
675 _a811.161.1
686 1 _aШ141.12-933-6
702 1 _aКрючкова
_bЛ. С.
_gЛюдмила Сергеевна
_4220
801 0 _aRU
_bРГБ
_c20150922
_gRCR
801 1 _aRU
_bРГБ
_c20150922
_2rusmarc
942 _cBOOK
980 _aNBR